| 000 | 00742nam a2200229Ia 4500 | ||
|---|---|---|---|
| 003 | GCL | ||
| 005 | 20240530102244.0 | ||
| 008 | 140319s9999 xx 000 0 ara d | ||
| 040 |
_aGCL / _cGCL |
||
| 082 | 0 | 4 |
_a529.78 _bس ز _221 |
| 100 | 1 | _aس. ،زافيلسكى، ف. | |
| 245 | 1 | 0 |
_aالزمن وقياسه / _cزافيلسكى، ف. س. ؛ ترجمة ابراهيم محمود شوشة |
| 260 |
_a[S.N] : _bالهيئة المصرية العامة للكتاب ، _c1988 |
||
| 300 | _a279 ص | ||
| 490 |
_aالالف كتاب _v0 |
||
| 650 | 0 | 4 | _aالساعات |
| 650 | 0 | 4 | _aالتقاويم |
| 650 | 0 | 4 | _aالتوقيت |
| 650 | 0 | 4 | _aقياس الذكاء |
| 700 | 1 | _aابراهيم محمود شوشة | |
| 942 |
_2ddc _cBK |
||
| 999 |
_c30946 _d30946 |
||